000
00295nam a2200097Ia 4500
001
689309
005
20250826161632.0
008
250824s9999 xx 000 0 und d
245
0
_a
BABALAR VE OĞULLAR (ANTİK OKUL KLASİKLERİ)
_c
İVAN SERGEYEVİÇ TURGENYEV
260
_b
ANTİK DÜNYA KLASİKLERİ
999
_c
689309
_d
689309